| 000 | 00851cam a2200301 a 4500 | ||
|---|---|---|---|
| 999 |
_c7882 _d7882 |
||
| 001 | 7882 | ||
| 003 | BD-JhCC | ||
| 005 | 20180215093221.0 | ||
| 008 | 821029s1983 nyua b 001 0 eng | ||
| 020 | _a0815622899 | ||
| 020 | _a0815622902 (pbk.) | ||
| 035 | _a(BD-JhCC)7882 | ||
| 040 |
_aDLC _cDLC _dDLC _dBD-JhCC |
||
| 041 | _aeng | ||
| 050 | 0 | 0 |
_aLB3013.6 _b.S27 1983 |
| 082 | 0 | 0 |
_a371.2/022 _219 _bHYN 1983 |
| 100 | _aHynd. W. | ||
| 245 | 0 | 4 |
_aThe School psychologist : _ban introduction / _cedited by George W. Hynd. |
| 250 | _a1st ed. | ||
| 260 |
_aSyracuse, N.Y. : _bSyracuse University Press, _c1983. |
||
| 300 |
_axv, 332 p. : _bill. ; _c21 cm. |
||
| 504 | _aIncludes bibliographies and index. | ||
| 650 | 0 | _aSchool psychologists. | |
| 650 | 0 | _aSchool psychology. | |
| 700 | 1 | _aHynd, George W. | |
| 942 |
_2ddc _cBK |
||